Sudeste / (Registro nro. 2856)

Detalles MARC
000 -LEADER
fixed length control field 01098nam a2200205 a 4500
008 - CAMPO DE CONTROL (LIBRO)
fixed length control field 190917e2006 ag |||g |||| 001 0 spa d
020 ## - INTERNATIONAL STANDARD BOOK NUMBER
ISBN 9875760994
041 ## - CODIGO DE IDIOMA
Código de idioma del texto/pista de sonido o título separado spa
092 ## - SIGNATURA TOPOGRAFICA DEWEY LOCAL
número de clasificación 808
libristica 13
sección CON
100 1# - ENTRADA PRINCIPAL--NOMBRE PERSONAL
Nombre personal Conti, Haroldo
9 (RLIN) 4017
245 ## - TITULO PROPIAMENTE DICHO
Título Sudeste /
Mención de responsabilidad y remanente de la transcripción de la portada Haroldo Conti
250 ## - MENCION DE EDICION
Mención de edición 1a ed.
260 ## - PIE DE IMPRENTA
Lugar de publicación, distribución, etc Buenos Aires:
Nombre de la editorial, distribuidor, etc Tinta Fresca;
Fecha de publicación 2006.
300 ## - DESCRIPCION FISICA
Extension 136 p.
Dimensiones 21x13 cm.
500 ## - NOTA GENERAL
Nota general Conti, H. (2006). Sudeste. (1a ed.). Buenos Aires : Tinta Fresca.
505 ## - NOTA DE CONTENIDO
Nota de contenido formateada "El cielo y el río eran una misma cosa, un muro opaco y gris. Las islas, unas manchas alargadas de un gris un poco más oscuro. El barro y la humedad de la tierra eran tan insoportables como el agua". En este paisaje deambulan los personajes de Sudeste, la primera novela de Haroldo Conti. Viejos, solitarios, marginales, sus días transcurren llevados por las corrientes de los canales del delta del Tigre. Pero el río, que sólo parece un testigo mudo de su devenir, tiene planes para ellos.
590 ## - NOTAS LOCALES (RLIN)
Nota local Proyecto 4to libro, Donación Navarro Adriana, febrero 2019
655 ## - MATERIA - GENERO/FORMA
Género/Forma Literatura
-- 2917
942 ## - ADDED ENTRY ELEMENTS (KOHA)
Source of classification or shelving scheme Dewey Decimal Classification
Item type LITERATURA
Existencias
Estado de retiro Existencia Fuente de clasificación Estado general No para prestamo Ubicación permanente ubicación actual Sala de ubicación Fecha de adquisición Fuente de adquisición Total Checkouts Número de clasificación Código de barras Date last seen Número de ejemplar Price effective from Koha tipo de elemento (item) Public note
    Dewey Decimal Classification     Biblioteca Medicina Biblioteca Medicina Circulación 28/02/2019 Donación Adriana Navarro, febrero 2019   808 13 CON 4385 28/02/2019 Ej. 1 28/02/2019 LITERATURA Proyecto 4to libro. Donación Adriana Navarro, febrero 2019

UNIVERSIDAD NACIONAL DEL COMAHUE
Biblioteca de la Facultad de Ciencias Médicas
Sede Toschi: Los Arrayanes y Av. Toschi, Cipolletti  - Rio Negro
Sede Los Tordos:  Yrigoyen al 2211, Cipolletti - Rio Negro 

Teléfono: 0299 - 4774707 int 25
Contacto: biblioteca@facimed.uncoma.edu.ar
© 2011 - 2026